| 000 | 01339nam a22003377a 4500 | ||
|---|---|---|---|
| 003 | CHAP | ||
| 005 | 20220329143520.0 | ||
| 008 | 100322s2008 mx r 00010 spa d | ||
| 010 | _a97834 | ||
| 011 | _a98806 | ||
| 035 | _a109491 | ||
| 040 | _cCHAP | ||
| 090 | _aFolleto 17598 | ||
| 245 | 0 | 0 |
_aVinculación para el desarrollo del sector comercial en el municipio de Zinacantán _c/editado por Concepción Regalado Rodríguez |
| 260 |
_aTuxtla Gutiérrez, Chis. : _bUniversidad Autónoma de Chiapas. Dirección General de Extensión Universitaria, _c2008 |
||
| 300 |
_a11 p. : _bcuadro |
||
| 590 |
_aBATCH-UPD _b10 _c20130110 _lUCH01 _h1623 |
||
| 590 |
_aBATCH-UPD _b10 _c20130410 _lUCH01 _h1017 |
||
| 590 |
_aBATCH-UPD _b10 _c20130914 _lUCH01 _h0414 |
||
| 590 |
_aCONVERSION _b10 _c20130109 _lUCH01 _h1354 |
||
| 650 | 1 | 4 |
_aArtes y oficios _xChiapas. _97752 |
| 650 | 1 | 4 |
_aDesarrollo de la comunidad rural _zChiapas. _932034 |
| 650 | 1 | 4 |
_aInglés _xEstudio y enseñanza. _958340 |
| 650 | 1 | 4 |
_aMarginalidad social. _971348 |
| 650 | 1 | 4 |
_aMujer _xSituación social _xChiapas. _979332 |
| 700 | 1 |
_aRegalado Rodríguez, Concepción _e, ed. _995626 |
|
| 901 | _aBK | ||
| 942 | _cFOLL | ||
| 949 |
_aFolleto 17598 _bBC _cFOLL _d33724002129892 _eTS1 _gDonaciØn _i109491 _sb |
||
| 949 |
_aFolleto 17598 _bBC _cFOLL _d33724002130165 _eTS2 _fc.2 _gDonaciØn _i109491 _sb |
||
| 999 |
_c97834 _d97834 |
||